| 000 | 00379 a2200145 4500 | ||
|---|---|---|---|
| 001 | 171215 | ||
| 020 | _a | ||
| 040 | _cMagnum | ||
| 100 | _aChamon, Jussara | ||
| 240 | 1 | 0 |
_a3º Integrado pre-universitario magnum agostiniano - historia _lpor |
| 245 | 1 | 0 | _a3º Integrado pre-universitario magnum agostiniano - historia |
| 362 | 0 | _a1899 | |
| 697 | _aPARADIDATICO | ||
| 942 | _cBK | ||
| 999 |
_c171215 _d171215 |
||